La epístola a los Romanos / (Registro nro. 53451)

Detalles MARC
000 -LEADER
campo de control de longitud fija 02433cam a22004934i 4500
003 - IDENTIFICADOR DE NÚMERO DE CONTROL
campo de control PE-LiUPU
005 - FECHA Y HORA DE LA ÚLTIMA TRANSACCIÓN
campo de control 20250731173417.0
008 - DATOS DE LONGITUD FIJA--INFORMACIÓN GENERAL
campo de control de longitud fija 150706s2010 xxu r 000 0 spa d
020 ## - NÚMERO INTERNACIONAL ESTÁNDAR DEL LIBRO
Número Internacional Estándar del Libro 9780758625496
035 ## - NÚMERO DE CONTROL DEL SISTEMA
Número de control de sistema (Sirsi) i9780758625496
040 ## - FUENTE DE CATALOGACIÓN
Centro catalogador/agencia de origen PE-LiUPU
Lengua de catalogación spa
Centro/agencia transcriptor PE-LiUPU
Normas de descripción rda
049 ## - FONDOS LOCALES (OCLC)
Biblioteca depositaria PRUA
082 04 - NÚMERO DE LA CLASIFICACIÓN DECIMAL DEWEY
Número de clasificación 220
Cutter CC
Número de edición 21
100 1# - ENTRADA PRINCIPAL--NOMBRE DE PERSONA
Nombre de persona Nygren, Anders,
Término indicativo de función/relación autor.
245 13 - MENCIÓN DEL TÍTULO
Título La epístola a los Romanos /
Mención de responsabilidad, etc. Anders Nygren.
264 #1 - PRODUCCIÓN, PUBLICACIÓN, DISTRIBUCIÓN, FABRICACIÓN Y COPYRIGHT
Producción, publicación, distribución, fabricación y copyright Missouri, USA :
Nombre del de productor, editor, distribuidor, fabricante Concordia,
Fecha de producción, publicación, distribución, fabricación o copyright [2010].
300 ## - DESCRIPCIÓN FÍSICA
Extensión 383 páginas ;
Dimensiones 24 centímetros.
336 ## - TIPO DE CONTENIDO
Término de tipo de contenido text
Fuente rdacontent
337 ## - TIPO DE MEDIO
Nombre/término del tipo de medio unmediated
Fuente rdamedia
338 ## - TIPO DE SOPORTE
Nombre/término del tipo de soporte volume
Fuente rdacarrier
490 1# - MENCIÓN DE SERIE
Mención de serie Comentario Concordia
505 0# - NOTA DE CONTENIDO CON FORMATO
Nota de contenido con formato La Epístola a los Romanos. "El evangelio más puro" -- Carácter general de la epístola -- La idea fundamental de la epístola: la justicia que proviene de Dios -- Los dos eones -- La línea del pensamiento de la epístola a los Romanos -- Introducción a la epístola -- La obligación de Pablo de predicar el evangelio en Roma -- Tema de la epístola -- "El justo por la fe vivirá" -- El antiguo Eón - bajo la ira de Dios -- El nuevo Eón - la justicia de Dios -- Libres de la ira de Dios -- Libres del pecado -- Libres de la ley -- Libres de la muerte -- La promesa sólo para los creyentes -- Israel rechazado por su propia culpa -- El rechazo de Israel no es definitivo -- La conducta en el nuevo Eón -- Los débiles y los fuertes -- Los planes de viaje de Pablo -- Saludos y palabras finales.
526 ## - NOTA DE INFORMACIÓN SOBRE EL PROGRAMA DE ESTUDIO
Nombre del programa Segunda Especialidad En Profecías Bíblicas
526 ## - NOTA DE INFORMACIÓN SOBRE EL PROGRAMA DE ESTUDIO
Nombre del programa Segunda Especialidad En Nuevo Testamento
526 ## - NOTA DE INFORMACIÓN SOBRE EL PROGRAMA DE ESTUDIO
Nombre del programa Segunda Especialidad En Antiguo Testamento
526 ## - NOTA DE INFORMACIÓN SOBRE EL PROGRAMA DE ESTUDIO
Nombre del programa Segunda Especialidad En Estudios Adventistas
526 ## - NOTA DE INFORMACIÓN SOBRE EL PROGRAMA DE ESTUDIO
Nombre del programa Doctorado en teología
526 ## - NOTA DE INFORMACIÓN SOBRE EL PROGRAMA DE ESTUDIO
Nombre del programa Maestría en teología histórica
526 ## - NOTA DE INFORMACIÓN SOBRE EL PROGRAMA DE ESTUDIO
Nombre del programa Maestría en teología bíblica
526 ## - NOTA DE INFORMACIÓN SOBRE EL PROGRAMA DE ESTUDIO
Nombre del programa Maestría en teología
526 ## - NOTA DE INFORMACIÓN SOBRE EL PROGRAMA DE ESTUDIO
Nombre del programa Maestría en misionología
526 ## - NOTA DE INFORMACIÓN SOBRE EL PROGRAMA DE ESTUDIO
Nombre del programa Maestría en liderazgo eclesiástico
526 ## - NOTA DE INFORMACIÓN SOBRE EL PROGRAMA DE ESTUDIO
Nombre del programa Teología
541 ## - NOTA DE FUENTE DE ADQUISICIÓN DIRECTA
-- 001-0000567;
596 ## -
-- 1
630 ## - PUNTO DE ACCESO ADICIONAL DE MATERIA--TÍTULO UNIFORME
Título uniforme Biblia.
Nombre de parte o sección de la obra N.T.
-- Romanos
Subdivisión de forma Comentarios.
700 1# - ENTRADA AGREGADA--NOMBRE PERSONAL
Nombre de persona Witthaus, Carlos,
Término indicativo de función/relación traductor.
700 1# - ENTRADA AGREGADA--NOMBRE PERSONAL
Nombre de persona Mayena, Greta,
Término indicativo de función/relación traductor.
910 ## - DATOS DE OPCIÓN DEL USUARIO (OCLC)
-- jv
-- lch
-- 20120525
942 ## - ELEMENTOS DE ENTRADA SECUNDARIOS (KOHA)
Fuente del sistema de clasificación o colocación Clasificación Decimal Dewey
Tipo de ítem Koha
949 ## - PROCESAMIENTO DE INFORMACIÓN LOCAL (OCLC)
a 220 CC 45
w DEWEY
c 1
i 64705
l CCODEBUL1
m BUL
p 29.00
r 0
s Y
t BOOK
u 2015-7-6
x TEOLOGIA
-- P35
o .STAFF. Colección Teología
994 ## -
-- C0
-- PEPRU
999 ## - NÚMEROS DE CONTROL DE SISTEMA (KOHA)
-- DEWEY
-- 64705
-- 2017-4-11
-- 2021-11-9
-- 5
-- CCODEBUL1
-- BUL
-- 4
-- 29.00
-- 2
-- 0
-- Y
-- BOOK
-- 2015-7-6
-- TEOLOGIA
-- P35
-- COMPRA
-- .STAFF. Colección Teología
980 ## - EQUIVALENCIA O REFERENCIA-CRUZADA-MENCIÓN DE SERIE--NOMBRE DE PERSONA/TÍTULO [LOCAL, CANADÁ]
ID del último usuario que modificó el registro 1
Nombre del último usuario que modificó el registro ALBERTO SANCHEZ Responsable de Automatización
Existencias
Visto por última vez Número de inventario Total de préstamos Signatura topográfica completa Código de barras Fecha del último préstamo Copia número Coste, precio de reemplazo Fecha de reemplazo Facultad Tipo de ítem Koha Nota pública Estado de pérdida Fuente del sistema de clasificación o colocación Restricciones de uso No para préstamo Colección Programa académico Biblioteca de origen Biblioteca actual Ubicación en estantería Fecha de adquisición Fuente de adquisición Coste, precio normal de compra
2025-12-02 6 4 220 CC 45 64705 2017-04-11 e1 34.00 2015-07-06   Libros físicos inventario-2023-12-13 No Perdido Clasificación Decimal Dewey No restringido Disponible para préstamos Colección General Teología Biblioteca CRAI UPeU Lima Biblioteca CRAI UPeU Lima Sala principal 2015-07-06 COMPRA 29.00